[Event "Blackmar - Diemer Gambit 2200+"]
[Site "SchemingMind.com"]
[Date "2010.06.12"]
[Round "-"]
[White "Peacemaker"]
[Black "thebirdolux"]
[Result "1/2-1/2"]
[WhiteCountry "GER"]
[BlackCountry "USA"]
[WhiteElo "2448"]
[WhiteRD "64"]
[BlackElo "2449"]
[BlackRD "79"]
[GameID "251348"]

1. d4 d5 2. e4 dxe4 3. Nc3 e5 4. Qh5 exd4 5. Bc4 Qe7 6. Bg5 Nf6 7. Bxf6 Qxf6 8. Nxe4 Qe7 9. O-O-O g6 10. Qe2 Nc6
11. Nf6+ Kd8 12. Ne4 f5 13. Nd2 Bd7 14. Kb1 Rb8 15. Ngf3 b5 16. Bxb5 Qb4 17. a4 a6 18. Ne5 axb5 19. Nxc6+ Bxc6 20. Qe5 Rg8
21. Qf6+ Kc8 22. Qxc6 Bg7 23. Qe6+ Kb7 24. axb5 Qxb5 25. Nb3 Rbe8 26. Qf7 Ref8 27. Qe7 Re8 28. Qh4 Rh8 29. Qh3 Re4 30. Rd3 Kc8
31. Rhd1 c5 32. Nd2 Re7 33. Qf3 Qb7 34. Qh3 Qd5=
1/2-1/2

[Event "Blackmar - Diemer Gambit 2200+"]
[Site "SchemingMind.com"]
[Date "2010.06.12"]
[Round "-"]
[White "thebirdolux"]
[Black "Peacemaker"]
[Result "1/2-1/2"]
[WhiteCountry "USA"]
[BlackCountry "GER"]
[WhiteElo "2449"]
[WhiteRD "79"]
[BlackElo "2448"]
[BlackRD "64"]
[GameID "251349"]

1. d4 d5 2. e4 dxe4 3. Nc3 c6 4. Nxe4 Bf5 5. Ng3 Bg6 6. h4 h6 7. Nf3 Nd7 8. h5 Bh7 9. Bd3 Bxd3 10. Qxd3 e6
11. Bf4 Qa5+ 12. Bd2 Qc7 13. O-O-O Ngf6 14. Kb1 O-O-O 15. c4 c5 16. Bc3 cxd4 17. Nxd4 a6 18. Nf3 Rg8 19. Rh4 Be7 20. Qe2 Nb8
21. Rhd4 Rxd4 22. Nxd4 Rd8 23. a3 Nc6 24. Rd2 Nxd4 25. Rxd4 Rxd4 26. Bxd4 Bf8 27. Qd3 Be7 28. Qe2 a5 29. Bc3 a4 30. Bd4 Qd8
31. Bxf6 Bxf6 32. Ne4 Bd4 33. Qd2 f5=
1/2-1/2

[Event "Blackmar - Diemer Gambit 2200+"]
[Site "SchemingMind.com"]
[Date "2010.06.10"]
[Round "-"]
[White "kiraly"]
[Black "thebirdolux"]
[Result "1/2-1/2"]
[WhiteCountry "INT"]
[BlackCountry "USA"]
[WhiteElo "2298"]
[WhiteRD "79"]
[BlackElo "2449"]
[BlackRD "79"]
[GameID "251584"]

1. d4 d5 2. e4 dxe4 3. Nc3 e5 4. Nxe4 Qxd4 5. Bd3 f5 6. Nc3 Nc6 7. Nf3 Qd7 8. Qe2 e4 9. Nxe4 fxe4 10. Bxe4 Be7
11. O-O Kf8 12. Bf4 Nf6 13. Rad1 Qe8 14. Bxc6 bxc6 15. Bxc7 Nd5 16. Be5 Bg4 17. h3 Bxf3 18. Qxf3+ Qf7 19. Qb3 Bf6 20. Bxf6 Nxf6
21. Qc3 Qc7 22. Qc5+ Qe7 23. Qxc6 Re8 24. Rd6 h5 25. Rfd1 Rh6 26. a3 Rg6 27. b4 Rg5 28. c4 Re5 29. Qf3 Re1+ 30. Rxe1 Qxe1+
31. Kh2 Qe5+ 32. Qg3 Qxg3+ 33. fxg3 Rc8 34. c5 a5 35. Rb6 Rc7 36. c6 axb4 37. axb4 Ke7 38. b5 Kd6 39. Rb8 Re7 40. Kg1 Rf7
41. Kh2 g5 42. Kg1 g4 43. Rh8 Kc5 44. Rh6 Kb6 45. Rg6 Nd5 46. hxg4 hxg4 47. Rxg4 Kxb5 48. Rg6=
1/2-1/2

[Event "Blackmar - Diemer Gambit 2200+"]
[Site "SchemingMind.com"]
[Date "2010.06.15"]
[Round "-"]
[White "Peacemaker"]
[Black "kiraly"]
[Result "1-0"]
[WhiteCountry "GER"]
[BlackCountry "INT"]
[WhiteElo "2521"]
[WhiteRD "69"]
[BlackElo "2271"]
[BlackRD "80"]
[GameID "251585"]

1. d4 d5 2. e4 dxe4 3. Nc3 Nf6 4. f3 exf3 5. Nxf3 e6 6. Bc4 Nc6 7. Bg5 Be7 8. Qd2 O-O 9. O-O b6 10. Rad1 Bb7
11. a3 Nd5 12. Nxd5 exd5 13. Bxe7 Nxe7 14. Bd3 f6 15. Rde1 Re8 16. Qf2 Ng6 17. Nh4 Nf8 18. Rxe8 Qxe8 19. Qg3 Qd7 20. Rxf6 Re8
21. Rf1 Bc6 22. Nf5 Kh8 23. b3 a6 24. a4 Bb7 25. c3 Bc8 26. h4 g6 27. Nh6 Qg7 28. Nf7+ Kg8 29. Ne5 c5 30. Rf7 Qh6
31. Qf2 cxd4 32. cxd4 Qxh4 33. Qxh4
1-0

[Event "Blackmar - Diemer Gambit 2200+"]
[Site "SchemingMind.com"]
[Date "2010.06.10"]
[Round "-"]
[White "thebirdolux"]
[Black "kiraly"]
[Result "1/2-1/2"]
[WhiteCountry "USA"]
[BlackCountry "INT"]
[WhiteElo "2472"]
[WhiteRD "91"]
[BlackElo "2307"]
[BlackRD "78"]
[GameID "251586"]

1. d4 d5 2. e4 dxe4 3. Nc3 Nf6 4. f3 exf3 5. Nxf3 e6 6. Bc4 Be7 7. O-O O-O 8. Bf4 Nc6 9. Qd3 Bd6 10. Ne5 Nxe5
11. Bxe5 Bxe5 12. dxe5 Qxd3 13. Bxd3 Nd5 14. Be4 Nxc3 15. bxc3 f5 16. exf6 gxf6 17. Rab1 Rb8 18. Rf4 b6 19. Re1 Rf7 20. Bf3 c5
21. Rd1 f5 22. Rd8+ Rf8 23. Rd6 Kg7 24. Rh4 Rf7 25. Rd8 b5 26. Rh3 Rd7 27. Rg3+ Kf6 28. Re8 Rd2 29. Rgg8 Rxc2 30. Rxc8 Rxc8
31. Rxc8=
1/2-1/2

[Event "Blackmar - Diemer Gambit 2200+"]
[Site "SchemingMind.com"]
[Date "2010.06.16"]
[Round "-"]
[White "Manuel Angel"]
[Black "Peacemaker"]
[Result "1/2-1/2"]
[WhiteCountry "ESP"]
[BlackCountry "GER"]
[WhiteElo "2277"]
[WhiteRD "78"]
[BlackElo "2521"]
[BlackRD "69"]
[GameID "251738"]

1. d4 d5 2. e4 dxe4 3. Nc3 c6 4. Nxe4 Bf5 5. Ng3 Bg6 6. Nf3 Nd7 7. h4 h6 8. h5 Bh7 9. Bd3 Bxd3 10. Qxd3 e6
11. Bd2 Ngf6 12. O-O-O Qc7 13. Kb1 O-O-O 14. Ne4 c5 15. Bc3 c4 16. Qe2 Kb8 17. Ned2 Rc8 18. Ne5 Nxe5 19. dxe5 Nd5 20. Ne4 Nxc3+
21. Nxc3 Bb4 22. Nb5 Qa5 23. Nd6 Bxd6 24. exd6 Rhd8 25. Rh4 Rc6 26. Rxc4 Rxc4 27. Qxc4 Rxd6 28. Qg4 Qg5=
1/2-1/2

[Event "Blackmar - Diemer Gambit 2200+"]
[Site "SchemingMind.com"]
[Date "2010.06.12"]
[Round "-"]
[White "Manuel Angel"]
[Black "thebirdolux"]
[Result "1/2-1/2"]
[WhiteCountry "ESP"]
[BlackCountry "USA"]
[WhiteElo "2270"]
[WhiteRD "79"]
[BlackElo "2449"]
[BlackRD "79"]
[GameID "251739"]

1. d4 d5 2. e4 dxe4 3. Nc3 e5 4. Nxe4 exd4 5. Bc4 Nf6 6. Nxf6+ Qxf6 7. Nf3 Bb4+ 8. Bd2 Bxd2+ 9. Qxd2 Nc6 10. O-O O-O
11. Bd5 Rd8 12. Rfe1 Bf5 13. Bxc6 Qxc6 14. Rac1 Be6 15. Rcd1 Qb6 16. b3 c5 17. Ng5 Bf5 18. Re7 h6 19. Qf4 Bg6 20. Nf3 Re8
21. Rde1 Rxe7 22. Rxe7 Qa5 23. h4 Qxa2 24. h5 Bxh5 25. Qf5 Bg6 26. Qxc5 Qxc2 27. Qxc2 Bxc2 28. Nxd4 Kf8 29. Rxb7 Be4 30. Rc7 Rd8
31. Nc6 Bxc6 32. Rxc6 Rd1+ 33. Kh2 Ke8 34. Ra6 Rd7 35. b4 Kd8 36. b5 Rb7 37. g4 Kc7 38. Kg3 Kb8 39. Ra5 Rd7 40. Ra6 Rd3+
41. f3 Rb3 42. Ra5 Rb4=
1/2-1/2

[Event "Blackmar - Diemer Gambit 2200+"]
[Site "SchemingMind.com"]
[Date "2010.06.11"]
[Round "-"]
[White "Manuel Angel"]
[Black "kiraly"]
[Result "0-1"]
[WhiteCountry "ESP"]
[BlackCountry "INT"]
[WhiteElo "2208"]
[WhiteRD "83"]
[BlackElo "2350"]
[BlackRD "77"]
[GameID "251740"]

1. d4 d5 2. e4 dxe4 3. Nc3 Nf6 4. f3 exf3 5. Nxf3 a6 6. Bc4 Nc6 7. O-O e6 8. Be3 Bd6 9. a3 O-O 10. Qd2 h6
11. Rae1 Re8 12. Bf2 b5 13. Bd3 Bb7 14. Ne5 b4 15. axb4 Nxb4 16. Bh4 Bxe5 17. dxe5 Qd4+ 18. Bf2 Qg4 19. Bc5 Nxd3 20. cxd3 Nd7
21. Ba3 Qd4+ 22. Qe3 Qxe3+ 23. Rxe3 Rab8 24. Rf4 c5 25. Ra4 Rec8 26. Kf2 Rc6 27. Ra5 Ba8 28. Ra4 Rcb6 29. Ra5 Bc6 30. Na4 Bxa4
31. Rxa4 Rc6 32. Ke2 Rb5 33. Rc4 Nb6 34. Rc2 c4 35. d4 Nd5 36. Rf3 a5 37. Kd2 Nb4 38. Rc1 Rd5 39. Ke3 Nd3 40. Rcf1 Rd7
41. b3 Nb4 42. Bxb4 axb4 43. bxc4 Rxc4 44. Rd1 Ra7 45. Rf2 Ra3+ 46. Ke4 h5 47. Rb2 Kh7 48. Rd3 Ra8 49. Rh3 Rd8 50. Rd2 Kg6
51. Rg3+ Kh6 52. Rf3 Rd7 53. Rh3 f5+ 54. exf6 gxf6 55. Rb3 Kg6 56. Rg3+ Kf7 57. Rgd3 f5+ 58. Ke3 Kf6 59. Rb2 h4 60. g3 Rg7
61. Kf2 Rg4 62. Rbd2 Re4 63. d5 hxg3+ 64. hxg3 e5 65. Ra2 Red4 66. Rxd4 Rxd4 67. Ra6+ Kg5 68. d6 e4 69. Rc6 b3 70. Rb6 Rd3
71. d7 Rxd7 72. Rxb3 Rd2+ 73. Ke1 Rd3
0-1

[Event "Blackmar - Diemer Gambit 2200+"]
[Site "SchemingMind.com"]
[Date "2010.06.11"]
[Round "-"]
[White "thebirdolux"]
[Black "Manuel Angel"]
[Result "1/2-1/2"]
[WhiteCountry "USA"]
[BlackCountry "ESP"]
[WhiteElo "2449"]
[WhiteRD "79"]
[BlackElo "2270"]
[BlackRD "79"]
[GameID "251742"]

1. d4 d5 2. e4 dxe4 3. Nc3 Nf6 4. f3 exf3 5. Nxf3 a6 6. Ne5 c5 7. dxc5 Qxd1+ 8. Nxd1 Nc6 9. Nxc6 bxc6 10. Nc3 Bf5
11. Bd3 Bxd3 12. cxd3 Rd8 13. Ke2 e6 14. b4 Be7 15. Rb1 Rd7 16. Rb3 O-O 17. Ra3 Rfd8 18. Rd1 Ra7 19. d4 h6 20. Be3 g5
21. Kf3 Rda8 22. Rb3 Kg7 23. a4 g4+ 24. Ke2 Nd5 25. Nxd5 exd5 26. h3 h5 27. Kd3 Bf6 28. Rdb1 Rb8 29. hxg4 hxg4 30. Bd2 Re8
31. Re1 Rxe1 32. Bxe1 Bd8 33. Bg3 Kg6 34. Bd6 Kg5 35. b5 axb5 36. axb5 cxb5 37. c6 b4 38. Bb8 Ra3 39. Rxa3 bxa3 40. Kc3 Kf5
41. Kb3 Ke4 42. Be5=
1/2-1/2

[Event "Blackmar - Diemer Gambit 2200+"]
[Site "SchemingMind.com"]
[Date "2010.06.12"]
[Round "-"]
[White "kiraly"]
[Black "Manuel Angel"]
[Result "1-0"]
[WhiteCountry "INT"]
[BlackCountry "ESP"]
[WhiteElo "2350"]
[WhiteRD "77"]
[BlackElo "2208"]
[BlackRD "83"]
[GameID "251743"]

1. d4 d5 2. e4 dxe4 3. Nc3 c6 4. Nxe4 Nf6 5. Nxf6+ gxf6 6. Nf3 Qd6 7. Be2 Rg8 8. O-O Be6 9. Qd3 Nd7 10. a4 f5
11. a5 a6 12. Ng5 O-O-O 13. g3 Bg7 14. Ra4 Nf6 15. Bf4 Qd5 16. Bf3 Ne4 17. c3 Be5 18. Nxe6 Qxe6 19. Bxe5 Qxe5 20. Re1 Qf6
21. Bxe4 fxe4 22. Qxe4 e6 23. Re3 Qh6 24. Qf3 f5 25. Rc4 Kb8 26. Re1 Rg6 27. Rc5 Rf8 28. Qe2 Rd8 29. Re5 Rd6 30. Qd3 Qf8
31. Qd2 Ka8 32. b4 Qf7 33. Qf4 Rg4 34. Qf3 Rg6 35. Kh1 Rd8 36. Qe3 f4 37. Qxf4 Rf6 38. Qe4 Rxf2 39. Rxe6 Rb2 40. Qd3 Rf8
41. R6e2 Rxe2 42. Qxe2 Qd5+ 43. Kg1 Rf3 44. Qe8+ Ka7 45. Re3 h5 46. Rxf3 Qxf3 47. Qe5 h4 48. gxh4 Qg4+ 49. Kf2 Qxh4+ 50. Ke2 Qg4+
51. Kd2 Qg1 52. d5 Qg2+ 53. Kd3 cxd5 54. h4 Qf1+ 55. Kd4 Qd1+ 56. Kc5 Qg1+ 57. Kxd5 Qg8+ 58. Ke4 Qg4+ 59. Qf4 Qe6+ 60. Kd3 Qg6+
61. Kd2 Qg2+ 62. Ke1 Qg1+ 63. Ke2 Qh1 64. Qf5 Kb8 65. Qe5+ Ka8 66. h5 Qg2+ 67. Kd3 Qf3+ 68. Kc2 Qf7 69. Kb2 Qf2+ 70. Ka3 Qf1
71. Qe8+ Ka7 72. Qe3+ Ka8 73. h6 Qa1+ 74. Kb3
1-0

[Event "Blackmar - Diemer Gambit 2200+"]
[Site "SchemingMind.com"]
[Date "2010.06.12"]
[Round "-"]
[White "Uzi Mike"]
[Black "thebirdolux"]
[Result "1/2-1/2"]
[WhiteCountry "USA"]
[BlackCountry "USA"]
[WhiteElo "2297"]
[WhiteRD "73"]
[BlackElo "2449"]
[BlackRD "79"]
[GameID "251777"]

1. d4 d5 2. e4 dxe4 3. Nc3 e5 4. Nge2 Nc6 5. Be3 exd4 6. Nxd4 Nf6 7. Nxc6 Qxd1+ 8. Rxd1 bxc6 9. Bc4 Bd6 10. O-O O-O
11. h3 Re8 12. Bd4 Bf5 13. Bb3 c5 14. Bxf6 gxf6 15. Ba4 Re5 16. Nb5 Rd8 17. Rfe1 Bg6 18. Kf1 Kf8 19. Na3 f5 20. Nc4 Re6
21. Bb3 Rb8 22. Ne3 Ree8 23. Nc4 Red8 24. Rd5 Be7 25. Red1 Kg7 26. c3 Rxd5 27. Rxd5 Rd8 28. Ne5 Bd6 29. Nc6 Ra8 30. Na5 Kf6
31. h4 Rb8 32. Nc4 Ke6 33. Rd2 Ke7 34. Na5 Kf6 35. Nc4 Rd8 36. Na5 Rc8 37. Rd5 h6 38. Nc4=
1/2-1/2

[Event "Blackmar - Diemer Gambit 2200+"]
[Site "SchemingMind.com"]
[Date "2010.06.12"]
[Round "-"]
[White "Uzi Mike"]
[Black "Manuel Angel"]
[Result "1-0"]
[WhiteCountry "USA"]
[BlackCountry "ESP"]
[WhiteElo "2277"]
[WhiteRD "73"]
[BlackElo "2240"]
[BlackRD "81"]
[GameID "251778"]

1. d4 d5 2. e4 dxe4 3. Nc3 c6 4. Nxe4 Bf5 5. Ng3 Bg6 6. h4 Nf6 7. h5 Be4 8. Nxe4 Nxe4 9. Nf3 e6 10. Bd3 Qa5+
11. c3 Nf6 12. Qb3 Qb6 13. Qxb6 axb6 14. Bf4 h6 15. Kf1 Nbd7 16. a3 Ra5 17. Ne5 Nxe5 18. dxe5 Nd7 19. Bc2 Nxe5 20. b4 Rd5
21. Bb3 Bd6 22. Rh3 Ke7 23. Bxd5 cxd5 24. Ke2 Rc8 25. Bxe5 Bxe5 26. Kd2 Rc4 27. Rd1 Rg4 28. g3 Rc4 29. Rc1 b5 30. Rhh1 Bf6
31. Rhe1 Kd6 32. Rc2 e5 33. Rf1 Ke6 34. Kc1 g6 35. hxg6 fxg6 36. Kb2 h5 37. f3 g5 38. Kb3 h4 39. gxh4 gxh4 40. Rd1 Rc7
41. Re2 Rg7 42. Kc2 Rg3 43. Rf1 Kf5 44. Rd2 d4 45. cxd4 exd4 46. Kd1
1-0

[Event "Blackmar - Diemer Gambit 2200+"]
[Site "SchemingMind.com"]
[Date "2010.06.12"]
[Round "-"]
[White "Uzi Mike"]
[Black "kiraly"]
[Result "1/2-1/2"]
[WhiteCountry "USA"]
[BlackCountry "INT"]
[WhiteElo "2258"]
[WhiteRD "72"]
[BlackElo "2350"]
[BlackRD "77"]
[GameID "251779"]

1. d4 d5 2. e4 dxe4 3. Nc3 Nf6 4. Nge2 g6 5. h3 Bg7 6. g4 O-O 7. g5 Nh5 8. Nxe4 Nc6 9. c3 e5 10. Be3 Bf5
11. Bg2 exd4 12. cxd4 Re8 13. f3 Qd5 14. Qa4 Bd7 15. Rd1 Ne7 16. Qa3 Nf5 17. Bf2 Bb5 18. N2c3 Qd7 19. Kd2 Nf4 20. Nxb5 Nxg2
21. Qb3 c6 22. Nbc3 Nxd4 23. Bxd4 Qxd4+ 24. Kc1 Qe3+ 25. Kb1 Rad8 26. Nd6 Rf8 27. h4 Rd7 28. h5 Bxc3 29. bxc3 Qxg5 30. hxg6 hxg6
31. Ne4 Rxd1+ 32. Qxd1 Qe5 33. Qd2 Nf4 34. Qh2 Re8 35. Nd6 Qe1+ 36. Rxe1 Rxe1+ 37. Kc2 Re2+ 38. Qxe2 Nxe2 39. Kd3 Nf4+ 40. Ke4 Ne6
41. Nxb7 Kf8 42. Na5 Nd8 43. c4 Ke7 44. c5 f6 45. f4 Kd7 46. Nb3 Nf7 47. Nd4 Nh6 48. Nc2 Nf5 49. Nb4 Ne7 50. Nd3 Kc7
51. a3 Kb7 52. Nb4 Nd5 53. Nxd5 cxd5+ 54. Kxd5 g5 55. fxg5= fxg5 56. Kd6= Kc8 57. Ke5= Kc7 58. Kf5 Kc6=
1/2-1/2

[Event "Blackmar - Diemer Gambit 2200+"]
[Site "SchemingMind.com"]
[Date "2010.06.12"]
[Round "-"]
[White "thebirdolux"]
[Black "Uzi Mike"]
[Result "1-0"]
[WhiteCountry "USA"]
[BlackCountry "USA"]
[WhiteElo "2449"]
[WhiteRD "79"]
[BlackElo "2297"]
[BlackRD "73"]
[GameID "251781"]

1. d4 d5 2. e4 dxe4 3. Nc3 Nf6 4. f3 Nc6 5. d5 Ne5 6. fxe4 e6 7. Nf3 Nxf3+ 8. Qxf3 exd5 9. Nxd5 Nxd5 10. exd5 Bc5
11. Bf4 h5 12. O-O-O Kf8 13. d6 Bxd6 14. Bc4 Qf6 15. Rhf1 Bxf4+ 16. Qxf4 Be6 17. Bxe6 Qxe6 18. Qxc7 Re8 19. b3 Rh6 20. Qxb7 a6
21. Rd6 Qe3+ 22. Kb2 Qe5+ 23. Kb1 Qe1+ 24. Rd1 Qe6 25. Rd5 Re7 26. Rd8+ Re8 27. Rfd1 Qe2 28. Qb4+ Kg8 29. Qc4 Re6 30. Qxe2 Rxe2
31. Rxe8+ Rxe8 32. c4 Re6 33. Rd8+ Kh7 34. Kc2 Re2+ 35. Rd2 Re5 36. b4 Re4 37. Kc3 Kh6 38. b5 axb5 39. cxb5 Re3+ 40. Kb4 Re1
41. b6 h4 42. Ka5 Re8 43. b7 Kg5 44. Kb6 h3 45. g3
1-0

[Event "Blackmar - Diemer Gambit 2200+"]
[Site "SchemingMind.com"]
[Date "2010.06.12"]
[Round "-"]
[White "Manuel Angel"]
[Black "Uzi Mike"]
[Result "0-1"]
[WhiteCountry "ESP"]
[BlackCountry "USA"]
[WhiteElo "2270"]
[WhiteRD "79"]
[BlackElo "2297"]
[BlackRD "73"]
[GameID "251782"]

1. d4 d5 2. e4 dxe4 3. Nc3 Nf6 4. f3 c5 5. dxc5 Qxd1+ 6. Nxd1 Nc6 7. c3 e5 8. Bc4 Bxc5 9. Be3 Be7 10. fxe4 Nxe4
11. Nf3 Be6 12. Bxe6 fxe6 13. O-O O-O 14. Nf2 Nxf2 15. Bxf2 Rad8 16. Rae1 Rf5 17. Re2 Rd3 18. Rfe1 Kf7 19. Bg3 Bc5+ 20. Kh1 Bd6
21. Kg1 a6 22. a3 h6 23. Re4 Ke7 24. h3 Kf6 25. Kh2 Ne7 26. Kg1 Ng6 27. Bh2 Bc7 28. Bg3 Nf4 29. Bxf4 Rxf4 30. Nxe5 Bb6+
31. Kh2 Rxe4 32. Nxd3 Rxe1 33. Nxe1 Kf5 34. Kg3 Ke4 35. Nf3 Kd3 36. Ne5+ Kc2 37. Kg4 Bc7 38. Nd7 Kxb2 39. a4 b5 40. axb5 axb5
41. Kf3 Kxc3 42. Nc5 Bb6 43. Na6 b4
0-1

[Event "Blackmar - Diemer Gambit 2200+"]
[Site "SchemingMind.com"]
[Date "2010.06.12"]
[Round "-"]
[White "kiraly"]
[Black "Uzi Mike"]
[Result "1/2-1/2"]
[WhiteCountry "INT"]
[BlackCountry "USA"]
[WhiteElo "2298"]
[WhiteRD "79"]
[BlackElo "2297"]
[BlackRD "73"]
[GameID "251783"]

1. d4 d5 2. e4 dxe4 3. Nc3 Nf6 4. f3 Nc6 5. d5 Ne5 6. fxe4 e6 7. Nf3 Nxf3+ 8. Qxf3 exd5 9. Nxd5 Nxd5 10. exd5 Bc5
11. Qe4+ Qe7 12. Qxe7+ Kxe7 13. Bf4 Bb4+ 14. c3 Bd6 15. Bd2 Re8 16. O-O-O Bg4 17. Re1+ Kf8 18. Bd3 Rxe1+ 19. Rxe1 Bxh2 20. Rh1 Be5
21. Rxh7 Kg8 22. Kc2 Bd7 23. c4 Re8 24. Rh1 f5 25. Rf1 g6 26. Bc3 Bxc3 27. Kxc3 Kg7 28. b3= Re3 29. Rf3 Rxf3 30. gxf3 g5
31. Kd4 Kf6 32. Bf1 g4 33. fxg4 fxg4 34. Ke4 Bf5+=
1/2-1/2

[Event "Blackmar - Diemer Gambit 2200+"]
[Site "SchemingMind.com"]
[Date "2010.06.17"]
[Round "-"]
[White "chesshub"]
[Black "Peacemaker"]
[Result "1/2-1/2"]
[WhiteCountry "FRA"]
[BlackCountry "GER"]
[WhiteElo "2468"]
[WhiteRD "71"]
[BlackElo "2448"]
[BlackRD "64"]
[GameID "251835"]

1. d4 d5 2. e4 dxe4 3. Nc3 c6 4. Nxe4 Bf5 5. Ng3 Bg6 6. h4 h6 7. Nf3 Nd7 8. h5 Bh7 9. Bd3 Bxd3 10. Qxd3 e6
11. Bf4 Qa5+ 12. Bd2 Qc7 13. O-O-O Ngf6 14. Ne4 O-O-O 15. g3 Nxe4 16. Qxe4 Bd6 17. c4 c5 18. Bc3 cxd4 19. Qxd4 Bc5 20. Qd2 Rhg8
21. Qe2 Be7 22. a3 Bf6 23. Kc2 Bxc3 24. Kxc3 b5 25. Kb3 Qxc4+ 26. Qxc4+ bxc4+ 27. Kxc4 Rge8 28. b4 e5 29. Nh4 e4 30. Nf5 Ne5+
31. Kc3 Nd3 32. f3 Nf2 33. Rxd8+ Rxd8 34. Rf1 Rd3+ 35. Kc2 Rxa3 36. fxe4 Nxe4 37. Nxg7 Rxg3 38. Rxf7 Rc3+ 39. Kd1 Rc7 40. Rf8+ Kb7=
1/2-1/2

[Event "Blackmar - Diemer Gambit 2200+"]
[Site "SchemingMind.com"]
[Date "2010.06.17"]
[Round "-"]
[White "chesshub"]
[Black "thebirdolux"]
[Result "1/2-1/2"]
[WhiteCountry "FRA"]
[BlackCountry "USA"]
[WhiteElo "2466"]
[WhiteRD "69"]
[BlackElo "2452"]
[BlackRD "89"]
[GameID "251836"]

1. d4 d5 2. e4 dxe4 3. Nc3 e5 4. Nxe4 exd4 5. Nf3 Qe7 6. Bb5+ c6 7. O-O cxb5 8. Re1 Be6 9. Nxd4 Nc6 10. Nxb5 Rd8
11. Bf4 Rxd1 12. Raxd1 Nf6 13. Ned6+ Qxd6 14. Bxd6 Bxd6 15. Nxd6+ Ke7 16. f4 g6 17. b3 Rb8 18. f5 gxf5 19. Nxf5+ Kf8 20. Nd6 b5
21. Rf1 Ng4 22. Rd2 Nge5 23. Rf4 b4 24. Ne4 Kg7 25. Nc5 Rb5 26. Nxe6+ fxe6 27. a3 bxa3 28. Ra4 a5 29. Rxa3 Kf6 30. Ra4=
1/2-1/2

[Event "Blackmar - Diemer Gambit 2200+"]
[Site "SchemingMind.com"]
[Date "2010.06.14"]
[Round "-"]
[White "chesshub"]
[Black "Manuel Angel"]
[Result "1-0"]
[WhiteCountry "FRA"]
[BlackCountry "ESP"]
[WhiteElo "2466"]
[WhiteRD "71"]
[BlackElo "2240"]
[BlackRD "81"]
[GameID "251837"]

1. d4 d5 2. e4 dxe4 3. Nc3 c6 4. Nxe4 Nd7 5. Ng5 Ngf6 6. Bd3 h6 7. Ne6 Qa5+ 8. Bd2 Qb6 9. Nxf8 Nxf8 10. Bc3 Ne6
11. Ne2 O-O 12. Qd2 c5 13. O-O Bd7 14. Rad1 Rac8 15. Rfe1 Nd5 16. Ba5 Qxb2 17. Rb1 Qa3 18. c4 Nb4 19. Bxb4 cxb4 20. Rb3 Qa4
21. Bb1 Qa6 22. Ng3 Rxc4 23. Nf5 Kh8 24. Bd3 b5 25. Bxc4 bxc4 26. Rxb4 Nc5 27. Nxg7 c3 28. Qxc3 Nd3 29. d5 Rc8 30. Qd4 Qf6
31. Qxd3 Kxg7 32. h3 Bf5 33. Qg3+ Bg6 34. Rb7 Rc3 35. Re3 Rc1+ 36. Kh2 Qa1 37. Qf4 Rh1+ 38. Kg3 Qg1 39. Qe5+ Kh7 40. Re2 Qh2+
41. Kf3 Qxe5 42. Rxe5 Rd1 43. Rxa7 Kg7 44. a4 Kf6 45. Rexe7 Rxd5 46. g4 h5 47. Red7 Rc5 48. Rdc7 Rd5 49. Kg3 hxg4 50. hxg4 Rd3+
51. f3 Ke5 52. a5 Ra3 53. a6 f5 54. Rg7 Kf6 55. gxf5 Kxf5 56. Ra8
1-0

[Event "Blackmar - Diemer Gambit 2200+"]
[Site "SchemingMind.com"]
[Date "2010.06.14"]
[Round "-"]
[White "chesshub"]
[Black "Uzi Mike"]
[Result "1-0"]
[WhiteCountry "FRA"]
[BlackCountry "USA"]
[WhiteElo "2466"]
[WhiteRD "69"]
[BlackElo "2289"]
[BlackRD "75"]
[GameID "251839"]

1. d4 d5 2. e4 dxe4 3. Nc3 Nf6 4. f3 Nc6 5. d5 Ne5 6. fxe4 e6 7. Nf3 Bd6 8. Bf4 Nd3+ 9. Bxd3 Bxf4 10. Bb5+ Kf8
11. Qd4 Ng4 12. e5 Ne3 13. Ke2 Bh6 14. Qc5+ Kg8 15. Rad1 Qf8 16. Qxc7 exd5 17. Bc4 Nxd1 18. Nxd5 Qe8 19. Rxd1 Be6 20. Qxb7 Rb8
21. Qxa7 Rxb2 22. Ke1 Rxc2 23. Bb5 Qxb5 24. Ne7+ Kf8 25. Rd8+ Qe8 26. Rxe8+ Kxe8 27. Nd4 Rc1+ 28. Ke2 Bg4+ 29. Kf2 Bg5 30. Nef5 Rc2+
31. Kg3
1-0

[Event "Blackmar - Diemer Gambit 2200+"]
[Site "SchemingMind.com"]
[Date "2010.06.16"]
[Round "-"]
[White "Peacemaker"]
[Black "chesshub"]
[Result "1/2-1/2"]
[WhiteCountry "GER"]
[BlackCountry "FRA"]
[WhiteElo "2521"]
[WhiteRD "69"]
[BlackElo "2466"]
[BlackRD "69"]
[GameID "251841"]

1. d4 d5 2. e4 dxe4 3. Nc3 Nf6 4. f3 exf3 5. Nxf3 Bg4 6. h3 Bh5 7. g4 Bg6 8. Ne5 e6 9. Bg2 c6 10. h4 Bb4
11. O-O Nbd7 12. Qe2 Nxe5 13. dxe5 Bc5+ 14. Kh2 Nd7 15. h5 Nxe5 16. Bf4 Nd3 17. Bg3 Bd6 18. Bxd6 Qxd6+ 19. Kh1 Nf4 20. Qe3 Nxh5
21. gxh5 Bxh5 22. Bf3 Bg6 23. Rad1 Qe7 24. Rf2 O-O 25. Rfd2 Qb4 26. Kg1 Rfe8 27. Rd7=
1/2-1/2

[Event "Blackmar - Diemer Gambit 2200+"]
[Site "SchemingMind.com"]
[Date "2010.06.17"]
[Round "-"]
[White "thebirdolux"]
[Black "chesshub"]
[Result "1/2-1/2"]
[WhiteCountry "USA"]
[BlackCountry "FRA"]
[WhiteElo "2452"]
[WhiteRD "89"]
[BlackElo "2466"]
[BlackRD "69"]
[GameID "251842"]

1. d4 d5 2. e4 dxe4 3. Nc3 Nf6 4. f3 exf3 5. Nxf3 Bg4 6. Bc4 e6 7. h3 Bh5 8. Bg5 Nc6 9. d5 Bxf3 10. Qxf3 Ne5
11. Bb5+ c6 12. Qe2 Bd6 13. dxe6 Qe7 14. O-O-O O-O-O 15. Ba4 fxe6 16. Bb3 Bc7 17. Kb1 Kb8 18. Rxd8+ Rxd8 19. Re1 h6 20. Be3 b6
21. a4 Ng6 22. a5 Qb4 23. axb6 axb6 24. Bxe6 Nf4 25. Bxf4 Qxf4 26. Qa6 Qf2 27. Re2 Qg1+ 28. Ka2 Qd4 29. Bg4 b5 30. Bf3 Rd6=
1/2-1/2

[Event "Blackmar - Diemer Gambit 2200+"]
[Site "SchemingMind.com"]
[Date "2010.06.14"]
[Round "-"]
[White "Manuel Angel"]
[Black "chesshub"]
[Result "0-1"]
[WhiteCountry "ESP"]
[BlackCountry "FRA"]
[WhiteElo "2277"]
[WhiteRD "78"]
[BlackElo "2466"]
[BlackRD "69"]
[GameID "251843"]

1. d4 d5 2. e4 dxe4 3. Nc3 Nf6 4. f3 exf3 5. Nxf3 Bg4 6. Be3 e6 7. h3 Bh5 8. Bb5+ c6 9. Bd3 Qc7 10. O-O Bd6
11. Ne2 O-O 12. c4 c5 13. Qc2 Nbd7 14. Nc3 Bxf3 15. Rxf3 cxd4 16. Bxd4 Bc5 17. Bxc5 Nxc5 18. Be2 Qb6 19. Kh1 Rfd8 20. Raf1 a5
21. Bd3 Qd6 22. Rd1 Qe5 23. Qf2 Rd7 24. Re3 Qg5 25. Bc2 Rxd1+ 26. Bxd1 Rd8 27. Bc2 Rd4 28. b3 Rf4 29. Qe1 Rf1+ 30. Qxf1 Qxe3
31. Nb5 Nfe4 32. Bxe4 Nxe4 33. Qf3 Qc1+ 34. Kh2 f5 35. Qe2 h6 36. Nd4 Kf7 37. Qh5+ g6 38. Qh4 g5 39. Qh5+ Ke7 40. Qe2 h5
41. Qf3 g4 42. hxg4 hxg4 43. Nxf5+ exf5 44. Qxf5 Qh1+ 45. Kxh1 Ng3+
0-1

[Event "Blackmar - Diemer Gambit 2200+"]
[Site "SchemingMind.com"]
[Date "2010.06.14"]
[Round "-"]
[White "kiraly"]
[Black "chesshub"]
[Result "0-1"]
[WhiteCountry "INT"]
[BlackCountry "FRA"]
[WhiteElo "2271"]
[WhiteRD "80"]
[BlackElo "2466"]
[BlackRD "69"]
[GameID "251844"]

1. d4 d5 2. e4 dxe4 3. Nc3 Nf6 4. f3 exf3 5. Nxf3 Bg4 6. h3 Bh5 7. Bf4 e6 8. g4 Bg6 9. Ne5 c6 10. Qd2 Bb4
11. Bg2 Nbd7 12. Nxg6 hxg6 13. O-O Nd5 14. Bg3 N7b6 15. Qd3 Nxc3 16. bxc3 Bd6 17. Bxd6 Qxd6 18. c4 c5 19. d5 O-O 20. dxe6 Qxe6
21. Rae1 Qxc4 22. Qxc4 Nxc4 23. Re7 Nd6 24. Bxb7 Rae8 25. Rd7 Nxb7 26. Rxb7 a6 27. Rb3 Re4 28. Ra3 Rc4 29. Rxa6 Rxc2 30. a4 Rd8
31. a5 f6 32. Rf2 Rd1+ 33. Kg2 Rcc1 34. Re2 g5 35. Ra7 c4 36. Ree7 Rd2+ 37. Kf3 Rd3+ 38. Re3 Rf1+ 39. Ke2 Re1+ 40. Kxe1 Rxe3+
41. Kd2 Rxh3 42. Ra8+ Kh7 43. Kc2 Ra3 44. Ra7 Kg8 45. Kb2 Rb3+ 46. Kc2 g6 47. Rc7 Ra3 48. Rc6 Kg7 49. Rc5 f5 50. gxf5 gxf5
51. Rxf5 Kg6 52. Rc5 c3 53. Kd3 Kh5 54. Rxc3 Rxa5 55. Ke3 Ra2 56. Rc1 Kh4 57. Rh1+ Kg3 58. Rg1+ Rg2
0-1